Logo BPK

Biblioteka

Politechniki Koszalińskiej

Generacja i detekcja promieniowania elektromagnetycznego / (Rekord nr 6763)

Szczegóły MARC
000 -ETYKIETA REKORDU
podpole kontrolne o stałej długości 00739nam a2200217 i 4500
001 - NUMER KONTROLNY REKORDU
pole kontrolne bg
040 ## - ŹRÓDŁO KATALOGOWANIA
Instytucja, która utworzyła rekord BPK
041 0# - KOD JĘZYKA
Kod języka tekstu pl
080 ## - UNIWERSALNA KLASYFIKACJA DZIESIĘTNA - UKD
UKD 537.8:621.37](075.8)
008 - POLE O STAŁEJ DŁUGOŚCI - DANE KONTROLNE
podpole kontrolne o stałej długości s pl f |000 0 pol
100 1# - NAZWA OSOBOWA
Nazwa osobowa Godlewski, Jan
Daty związane z nazwą (1945- ).
245 10 - TYTUŁ/ODPOWIEDZIALNOŚĆ
Tytuł Generacja i detekcja promieniowania elektromagnetycznego /
Pozostałe elementy strefy tytułu i oznaczenia odpowiedzialności Jan Godlewski ; Politechnika Gdańska.
260 ## - STREFA ADRESU WYDAWNICZEGO
Miejsce wydania Gdańsk :
Nazwa wydawcy/dystrybutora Wydaw. PG,
Data publikacji, dystrybucji/powstania dokumentu 1994.
300 ## - STREFA OPISU FIZYCZNEGO
Objętość 220 s. :
Inne cechy fizyczne rys., wykr. ;
Rozmiary 24 cm.
504 ## - UWAGA DOTYCZĄCA BIBLIOGRAFII
Informacje o bibliografii Bibliogr. s. 219-220.
521 ## - UWAGA DOTYCZĄCA PRZEZNACZENIA CZYTELNICZEGO
Przeznaczenie czytelnicze Skrypt jest przeznaczony dla studentów Wydziału Fizyki Technicznej i Matematyki Stosowanej.
650 #9 - HASŁO PRZEDMIOTOWE W FORMIE NAZWY OGÓLNEJ LUB JEDNOSTKOWEJ
Nazwa ogólna lub geograficzna Fale elektromagnetyczne
650 #9 - HASŁO PRZEDMIOTOWE W FORMIE NAZWY OGÓLNEJ LUB JEDNOSTKOWEJ
Nazwa ogólna lub geograficzna Promieniowanie
Określnik ogólny zagadnienia
655 ## - TERMIN INDEKSOWY - OKREŚLENIE RODZAJU/FORMY DOKUMENTU
Określenie rodzaju/formy dokumentu Podręczniki akademickie
856 ## - LOKALIZACJA I DOSTĘP DO ELEKTRONICZNYCH DOKUMENTÓW ZDALNYCH
Link (URL) http://koha.tu.koszalin.pl/cgi-bin/koha/opac-detail.pl?biblionumber=6763
Tekst linku Katalog online BPK
942 ## - DODATKOWE ELEMENTY (KOHA)
Typ dokumentu Książka
Egzemplarze
Wycofany Status egzemplarza Uszkodzony Dostępność Lokalizacja stała Lokalizacja bieżąca Miejsce przechowywania Sygnatura Kod kreskowy Typ dokumentu
      Dostępny Biblioteka Politechniki Koszalińskiej Biblioteka Politechniki Koszalińskiej Wypożyczalnia BG P 48506 01111620 Książka
© 2023 Biblioteka Politechniki Koszalińskiej :: KOHA